LEADER 01643nam a2200301 a 4500 001 000000156763 003 CaOOAMICUS 005 20161128103003.0 008 161128s1955 it u000 u lat r 032 $aLibriCat 040 $aPUL$bita 100 1 $aPeperoni, Salvatore,$cO.F.M.,$d1923-$0(OLS)http://pul/name/27729 245 10$aIntrusus in codice iuris canonici :$bnotio, historia, conditio iuridica respectu habito ad codicem civilem italicum /$cR.P. Salvator Peperoni, O.F.M. 260 $aJesi :$bScuola Tipografica Francescana,$c1955. 300 $aP. 134-183 ;$c24 cm. 502 $aEstratto da tesi -- Pontificium Athenaeum Antonianum. Facultas Iuris Canonici. 1955. 504 $aBibliografia in nota. 650 4$aDiritto costituzionale canonico.$0(OLS)http://pul/subject/2961 710 2 $aPontificio Ateneo Antoniano.$bFacoltą di Diritto Canonico.$kTesi.$0(OLS)http://pul/name/99826 850 $aPUL 852 $aPUL$W1$xDP1 Tesi Pon. At. Antonianum$y30$mTH ANT IUS37$j180045$qTesi$B183168$CPULBib$Z2$F183168 $H18135 $82 910 $aPontificia Universitą Antonianum.$bFacoltą di diritto canonico.$kTesi$999826 910 $aPontificia Universitą Antonianum.$bFacoltą di diritto canonico.$kTesi$999826 910 $aPontificium Athenaeum Antonianum.$bFacultas Iuris Canonici$kTesi$999826 941 1 $a16 996 $6245$aIntrusus in codice iuris canonici :$bnotio, historia, conditio iuridica respectu habito ad codicem civilem italicum$9(OLS)http://pul/title/196373 996 $6260$aJesi :$bScuola Tipografica Francescana$9(OLS)http://pul/publisher/84061 LEADER 01372nam a2200313 a 4500 001 000000159459 003 CaOOAMICUS 005 20170315174805.0 008 170315s2017 it 000 u ita r 020 $a978-88-921-0570-6* 032 $aLibriCat 040 $aPUL$bita 082 14$a344.45 100 1 $aLai, Marco.$0(OLS)http://pul/name/101965 245 13$aIl diritto della sicurezza sul lavoro tra conferme e sviluppi / $cMarco Lai ; prefazione di Tiziano Treu. 260 $aTorino :$bGiappichelli,$c©2017. 300 $aXV, 190 p. ; $c24 cm. 504 $aBibliografia in nota a pič pagina. 650 4$aSicurezza sul lavoro$zItalia$xLegislazione.$0(OLS)http://pul/subject/37707 650 4$aLavoro$xLegislazione$zItalia.$0(OLS)http://pul/subject/39549 700 1 $aTreu, Tiziano$b1939-$0(OLS)http://pul/name/23939 850 $aPUL 852 $aPUL$W1$xSL Diritto e Scienze Sociali 3$y79$m344. 45 LAIMA 1$j182867$qDDC 21$B186075$CPULBib$Z2$F186075 $H129029 $81 941 1 $a9 996 $6020$a978-88-921-0570-6*$9(OLS)http://pul/number/162214 996 $6082$a344.45$9(OLS)http://pul/classification/416 996 $6245$aIl diritto della sicurezza sul lavoro tra conferme e sviluppi / $9(OLS)http://pul/title/199078 996 $6260$aTorino :$bGiappichelli$9(OLS)http://pul/publisher/48244